RuPaul's Drag Race Contestants' Real Names - Statistics

General Stats
  • This quiz has been taken 703 times
  • The average score is 9 of 20
Answer Stats
Hint Answer % Correct
Sutan Amrull Raja
92%
Roy Haylock Bianca Del Rio
84%
D.J. Pierce Shangela
66%
Shane Jenek Courtney Act
65%
David Petruschin Raven
63%
Aaron Coady Sharon Needles
63%
Airline Inthyrath Jujubee
60%
Karl Westerberg Manila Luzon
60%
Benjamin Putnam BenDeLaCreme
52%
Matthew Sanderson Detox
40%
Dan Donigan Milk
39%
Scotty Ichikawa Gia Gunn
35%
Joey Santolini Tatianna
32%
Gabriel Villarreal Delta Work
27%
Javier Rivera Rebecca Glasscock
24%
Greg Meyer Darienne Lake
20%
Paulo Arabejo Jiggly Caliente
17%
Alpha Mulugeta Honey Mahogany
14%
Eric Flint Akashia
12%
Adam Biga The Princess
10%
No matching quizzes found
Score Distribution
Percent of People with Each Score
Percentile by Number Answered
Your Score History
You have not taken this quiz